[Event "Krefeld op"]
[Site "Krefeld"]
[Date "2022.08.07"]
[Round "6"]
[White "Finke, Dominik"]
[Black "Riemland, Arnold"]
[Result "1/2-1/2"]
[WhiteElo "2077"]
[BlackElo "2030"]
[PlyCount "120"]
[EventDate "2022.08.04"]
[EventType "swiss"]
[EventRounds "9"]
[EventCountry "GER"]
[SourceTitle "CBM 209 Extra"]
[Source "ChessBase"]
[SourceDate "2022.09.30"]
[SourceVersion "1"]
[SourceVersionDate "2022.09.30"]
[SourceQuality "1"]

1. e4 c5 2. c3 Nf6 3. e5 Nd5 4. d4 cxd4 5. Nf3 Nc6 6. cxd4 e6 7. Bc4 d6 8. 0-0 Nb6 9. Bb5 Bd7 10. Nc3 a6 11. Bd3 Nb4 12. Bg5 Be7 13. Bxe7 Qxe7 14. Ne4 dxe5 15. dxe5 0-0 16. Re1 Bc6 17. a3 Nxd3 18. Qxd3 Bxe4 19. Qxe4 Rac8 20. Rac1 Nd5 21. h3 h6 22. Rc2 Rc7 23. Rec1 Rfc8 24. Nd4 Qd8 25. Nf3 b5 26. Rxc7 Rxc7 27. Rxc7 Qxc7 28. Qd4 a5 29. Nd2 Ne7 30. Nb3 Nf5 31. Qc5 Qd7 32. Nxa5 Qd1+ 33. Kh2 Qd2 34. b4 Nd4 35. Nc6 Nf5 36. g3 Qe2 37. g4 Nh4 38. Ne7+ Kh7 39. Qe3 Qxe3 40. fxe3 Nf3+ 41. Kg3 Nxe5 42. Kf4 Nc4 43. Ke4 Nxa3 44. Kd3 g6 45. Nc8 Kg7 46. Na7 Kf6 47. Kc3 Kg5 48. Kb3 Nc4 49. Nxb5 Nxe3 50. Nc3 Kf6 51. b5 Ke7 52. Kb4 f5 53. gxf5 exf5 54. Kc5 Kd7 55. Kd4 f4 56. Ke4 g5 57. h4 Kd6 58. hxg5 hxg5 59. Ne2 Nd5 60. Kf5 f3 1/2-1/2

[Event "Krefeld op"]
[Site "Krefeld"]
[Date "2022.08.05"]
[Round "3"]
[White "Schulze, Tim"]
[Black "Finke, Dominik"]
[Result "0-1"]
[WhiteElo "1579"]
[BlackElo "2077"]
[PlyCount "86"]
[EventDate "2022.08.04"]
[EventType "swiss"]
[EventRounds "9"]
[EventCountry "GER"]
[SourceTitle "CBM 209 Extra"]
[Source "ChessBase"]
[SourceDate "2022.09.30"]
[SourceVersion "1"]
[SourceVersionDate "2022.09.30"]
[SourceQuality "1"]

1. d4 Nf6 2. c4 e6 3. Nf3 b6 4. a3 Bb7 5. Nc3 Be7 6. d5 exd5 7. cxd5 0-0 8. e4 d6 9. Bd3 Nbd7 10. 0-0 Ne5 11. Nd4 c5 12. Nf5 Bc8 13. Nxe7+ Qxe7 14. Be2 Re8 15. f3 Ng6 16. Bb5 Bd7 17. Be3 Bxb5 18. Nxb5 a6 19. Nc3 b5 20. Qc2 Qb7 21. Rfd1 a5 22. Ne2 a4 23. Nf4 Ne5 24. Nd3 Nc4 25. Bf2 Na5 26. Bg3 Qb6 27. Bf2 Nd7 28. Rab1 Ne5 29. Nxe5 Rxe5 30. f4 Re7 31. e5 Nb3 32. Re1 Rae8 33. Qf5 Nd4 34. Bxd4 cxd4 35. Kh1 Qc5 36. Qe4 f5 37. Qe2 Qxd5 38. Rbd1 dxe5 39. fxe5 Rxe5 40. Qf2 Rxe1+ 41. Rxe1 Rxe1+ 42. Qxe1 Qe4 43. Qc1 h6 0-1

[Event "Ruhrgebiet Verbandsliga Gruppe 1 1819"]
[Site "Nordrheinwestfalen"]
[Date "2019.05.05"]
[Round "9.4"]
[White "Masberg, Stefan"]
[Black "Finke, Dominik"]
[Result "0-1"]
[WhiteElo "1940"]
[BlackElo "2005"]
[PlyCount "74"]
[EventDate "2018.09.23"]
[EventType "team-tourn"]
[EventRounds "9"]
[EventCountry "GER"]
[SourceTitle "EXT 2022"]
[Source "ChessBase"]
[SourceDate "2021.10.06"]
[SourceVersion "1"]
[SourceVersionDate "2021.10.06"]
[SourceQuality "1"]
[WhiteTeam "Bottrop SV"]
[BlackTeam "Bochum SG III"]
[WhiteTeamCountry "GER"]
[BlackTeamCountry "GER"]

1. e4 e5 2. Nf3 Nc6 3. Bc4 Bc5 4. c3 Nf6 5. d3 d6 6. h3 Be6 7. Nbd2 a6 8. b4 Ba7 9. 0-0 0-0 10. Qe2 Re8 11. Bxe6 fxe6 12. Re1 Rf8 13. Nf1 Qd7 14. Be3 Ne7 15. Bxa7 Rxa7 16. d4 Ng6 17. dxe5 dxe5 18. Qc4 Qe7 19. Ng3 Kh8 20. a4 h5 21. Rab1 b6 22. b5 a5 23. Rbd1 Raa8 24. Ne2 h4 25. Nc1 Nh5 26. Re3 Nhf4 27. Kh2 Rf7 28. Nd3 Qf6 29. Nxf4 Nxf4 30. Rd2 Raf8 31. Kh1 Qg6 32. Qf1 Qh5 33. Nh2 Qg5 34. Ng4 Nh5 35. Qd1 Rf4 36. f3 Ng3+ 37. Kh2 Rxg4 0-1

[Event "Ruhrgebiet Verbandsliga Gruppe 1 1819"]
[Site "Nordrheinwestfalen"]
[Date "2018.10.07"]
[Round "2.2"]
[White "Finke, Dominik"]
[Black "Althoff, Ralph"]
[Result "1/2-1/2"]
[WhiteElo "1999"]
[BlackElo "2002"]
[PlyCount "71"]
[EventDate "2018.09.23"]
[EventType "team-tourn"]
[EventRounds "9"]
[EventCountry "GER"]
[SourceTitle "EXT 2022"]
[Source "ChessBase"]
[SourceDate "2021.10.06"]
[SourceVersion "1"]
[SourceVersionDate "2021.10.06"]
[SourceQuality "1"]
[WhiteTeam "Bochum SG III"]
[BlackTeam "Brackel SF II"]
[WhiteTeamCountry "GER"]
[BlackTeamCountry "GER"]

1. c4 c5 2. g3 g6 3. Bg2 Bg7 4. Nc3 Nc6 5. Nf3 d6 6. 0-0 e6 7. d3 Nge7 8. Bg5 h6 9. Bd2 0-0 10. a3 b6 11. Rb1 Bb7 12. Qc1 Kh7 13. b4 Qd7 14. b5 Nd4 15. Nxd4 cxd4 16. Na4 Bxg2 17. Kxg2 Rac8 18. Qb2 Nf5 19. Qb3 e5 20. e4 dxe3 21. fxe3 h5 22. Nc3 Bh6 23. Nd5 Kh8 24. Qd1 Bg7 25. e4 Nd4 26. Nf6 Bxf6 27. Rxf6 Kg7 28. Bg5 Ne6 29. Qd2 Nxg5 30. Qxg5 Rce8 31. Rbf1 Re6 32. R6f2 f6 33. Qe3 Qc7 34. a4 Qc5 35. Qd2 Qa3 36. Qc2 1/2-1/2

[Event "GER-chT U20"]
[Site "Duesseldorf"]
[Date "2017.12.29"]
[Round "5.5"]
[White "Finke, Dominik"]
[Black "Shevelko, Alexander"]
[Result "1-0"]
[WhiteElo "2049"]
[BlackElo "1883"]
[PlyCount "61"]
[EventDate "2017.12.27"]
[EventType "team-swiss"]
[EventRounds "7"]
[EventCountry "GER"]
[SourceTitle "CBM 182 Extra"]
[Source "ChessBase"]
[SourceDate "2018.02.23"]
[SourceVersion "1"]
[SourceVersionDate "2018.02.23"]
[SourceQuality "1"]
[WhiteTeam "Bochum SG U20"]
[BlackTeam "Potsdam U20"]
[WhiteTeamCountry "GER"]
[BlackTeamCountry "GER"]

1. e4 c6 2. d4 d5 3. Nd2 dxe4 4. Nxe4 Bf5 5. Ng3 Bg6 6. h4 h6 7. Nf3 Nd7 8. h5 Bh7 9. Bd3 Bxd3 10. Qxd3 Ngf6 11. Bd2 e6 12. 0-0-0 Qc7 13. Kb1 0-0-0 14. Ne4 Nd5 15. c4 N5b6 16. Ba5 Be7 17. Qe2 c5 18. dxc5 Nxc5 19. b4 Nxe4 20. Qxe4 Rxd1+ 21. Rxd1 Rd8 22. Rc1 Qc6 23. Qxc6+ bxc6 24. c5 Kb7 25. b5 Rd5 26. bxc6+ Ka6 27. cxb6 Rb5+ 28. Kc2 Rxa5 29. Kd1 Rc5 30. c7 Kb7 31. bxa7 1-0

[Event "Dortmund Sparkassen op-A 45th"]
[Site "Dortmund"]
[Date "2017.07.23"]
[Round "9"]
[White "Gijsen, Stief"]
[Black "Finke, Dominik"]
[Result "1-0"]
[WhiteElo "2194"]
[BlackElo "1987"]
[PlyCount "51"]
[EventDate "2017.07.15"]
[EventType "swiss"]
[EventRounds "9"]
[EventCountry "GER"]
[SourceTitle "CBM 179 Extra"]
[Source "ChessBase"]
[SourceDate "2017.08.23"]
[SourceVersion "1"]
[SourceVersionDate "2017.08.23"]
[SourceQuality "1"]

1. e4 e5 2. Nf3 Nc6 3. Bb5 a6 4. Ba4 Nf6 5. 0-0 Be7 6. d3 b5 7. Bb3 d6 8. a4 b4 9. a5 0-0 10. Nbd2 Be6 11. Nc4 Nd7 12. Be3 Bg4 13. c3 bxc3 14. bxc3 Kh8 15. h3 Bxf3 16. Qxf3 Bg5 17. Qg3 Bxe3 18. Nxe3 Ne7 19. Bc4 f5 20. exf5 Nxf5 21. Nxf5 Rxf5 22. Qg4 Rf4 23. Qe6 Rc8 24. Bxa6 Ra8 25. Bc4 Nc5 26. Qd5 1-0

[Event "Dortmund Sparkassen op-A 45th"]
[Site "Dortmund"]
[Date "2017.07.15"]
[Round "1"]
[White "Finke, Dominik"]
[Black "Schleining, Zoya"]
[Result "0-1"]
[WhiteElo "1987"]
[BlackElo "2369"]
[PlyCount "106"]
[EventDate "2017.07.15"]
[EventType "swiss"]
[EventRounds "9"]
[EventCountry "GER"]
[SourceTitle "CBM 179 Extra"]
[Source "ChessBase"]
[SourceDate "2017.08.23"]
[SourceVersion "1"]
[SourceVersionDate "2017.08.23"]
[SourceQuality "1"]

1. e4 c5 2. Nf3 Nc6 3. d4 cxd4 4. Nxd4 Qc7 5. Nc3 e6 6. Be3 a6 7. a3 b5 8. Nxc6 Qxc6 9. Be2 Bb7 10. 0-0 Rc8 11. Bf3 Qc7 12. Qd3 Bd6 13. h3 Bh2+ 14. Kh1 Be5 15. Bd4 d6 16. Be2 Nf6 17. f4 Bxd4 18. Qxd4 Qc5 19. Rad1 Ke7 20. e5 Qxd4 21. Rxd4 dxe5 22. fxe5 Nd5 23. Nxd5+ Bxd5 24. c3 Rc5 25. a4 Bc6 26. axb5 axb5 27. Ra1 Ra8 28. Rxa8 Bxa8 29. Rb4 Bc6 30. c4 Rxe5 31. cxb5 Bxg2+ 32. Kxg2 Rxe2+ 33. Kf3 Rd2 34. b6 Rd6 35. Rc4 Rd7 36. b4 Rb7 37. Rc6 f5 38. Kf4 Kf6 39. h4 g6 40. Ke3 Ke5 41. Kd3 Kd5 42. b5 f4 43. Kc3 h6 44. Kb4 g5 45. hxg5 hxg5 46. Rc5+ Kd4 47. Rxg5 Rxb6 48. Ka5 Rb8 49. Rg6 e5 50. Kb4 f3 51. Rd6+ Ke3 52. b6 f2 53. Rf6 Rxb6+ 0-1